00949nam a2200265 i 450000500170000000800410001702000150005804000350007304100080010808200180011610000440013424501360017825000220031426400310033630000400036733600270040733700330043433800280046749000170049565000350051265000340054765000420058165000250062370000350064820220316235519.0121119s2001 ck a gr 000 0 spa d a9582003618 aCO-BoRNBPbspacCO-BoRNBPerda0 aspa04a372.357bT61p1 aTobasura Acuna, Isaías,d1956-eautor10aProyectos ambientales escolaresbestrategia para la formación ambientalcIsaías Tobasura Acuña, Luz Elena Sepúlveda Gallego aPrimera edición aBogotábMagisterioc2001 a108 páginasbilustracionesc24 cm atextobtxt2rdacontent asin mediaciónbn2rdamedia avolumenbnc2rdacarrier aAula Abierta142LEMBaMétodos de enseñanza142LEMBaInnovaciones educativas142LEMBaEducación ambientalzColombia142LEMBaMedio ambiente1 aSepúlveda Gallego, Luz Elena